00643nam a2200193Ia 4500001000900000003000500009008004100014010001100055040000900066100003400075245008800109260007600197300001000273410003200283650002200315650002500337650001900362710006800381Para_565CHAP220125s1994 xx 000 0 und d a199325 cCHAP aMedina Urrutia, Victor Manuel aPortainjertos para limón mexicano en Colima /c por Victor Manuel Medina Urrutia aColima, Col. :b INIFAP. Centro de Investigaciones del Pacifico Centro a15 p. aFolleto para productores; 2 aLimón x Colima aLimón x injertos  aPortainjertos  aINIFAP. México. Centro de Investigaciones del Pacifico Centro